Indias Cybersecurity Policy: Evolution and Trend Analyses

Saved in:
Bibliografiske detaljer
Hovedforfatter: Singh
Format: Bog
Udgivet: Routledge
Tags: Tilføj Tag
Ingen Tags, Vær først til at tagge denne postø!

MARC

LEADER 00000nam a2200000Ia 4500
005 20260513122054.0
020 |a 9781032905228 
100 |a Singh 
365 |c Rs. 
365 |b 25.00 
942 |c BK 
245 |a Indias Cybersecurity Policy: Evolution and Trend Analyses 
260 |b Routledge 
999 |c 112  |d 112 
952 |0 0  |1 0  |4 0  |7 0  |a UNSW  |b UNSW  |d 2026-05-06  |g 1295.00  |i 16688  |l 0  |p 000114  |r 2026-05-13 12:20:54  |v 1295.00  |w 2026-05-13  |y BK